[Event "Steinfurt Bezirksliga 1617"]
[Site "Germany"]
[Date "2017.03.25"]
[Round "8.3"]
[White "Schulz, Joachim"]
[Black "Schreck, Uwe"]
[Result "0-1"]
[WhiteElo "1898"]
[BlackElo "1441"]
[PlyCount "58"]
[EventDate "2016.09.24"]
[EventType "team"]
[EventRounds "9"]
[EventCountry "GER"]
[SourceTitle "EXT 2018"]
[Source "ChessBase"]
[SourceDate "2017.10.13"]
[SourceVersion "1"]
[SourceVersionDate "2017.10.13"]
[SourceQuality "1"]
[WhiteTeam "Steinfurt II"]
[BlackTeam "Ibbenbueren II"]
[WhiteTeamCountry "GER"]
[BlackTeamCountry "GER"]

1. e4 e5 2. Nf3 Nc6 3. d4 exd4 4. Bc4 Bb4+ 5. c3 dxc3 6. Nxc3 Bxc3+ 7. bxc3 Nge7 8. 0-0 d6 9. Ba3 Bg4 10. Bxf7+ Kd7 11. e5 Bxf3 12. e6+ Kc8 13. Qxf3 Ne5 14. Qe4 Qf8 15. Rab1 Rb8 16. Rfe1 N7c6 17. Qd5 Ne7 18. Qb5 N7c6 19. f4 Nxf7 20. exf7 Qxf7 21. Rb2 Rf8 22. Rf2 a6 23. Qd3 h6 24. c4 b6 25. Bxd6 cxd6 26. Qxd6 Kb7 27. Re6 Rbc8 28. Rfe2 Rc7 29. g3 Rd8 0-1

[Event "Steinfurt Bezirksliga 1415"]
[Site "Germany"]
[Date "2014.09.06"]
[Round "1.8"]
[White "Schreck, Uwe"]
[Black "Ortmeier, Leonhard"]
[Result "1-0"]
[WhiteElo "1391"]
[BlackElo "1779"]
[PlyCount "64"]
[EventDate "2014.09.06"]
[EventType "team-tourn"]
[EventRounds "9"]
[EventCountry "GER"]
[SourceTitle "EXT 2016"]
[Source "ChessBase"]
[SourceDate "2015.10.08"]
[SourceVersion "1"]
[SourceVersionDate "2015.10.08"]
[SourceQuality "1"]
[WhiteTeam "Ibbenbueren II"]
[BlackTeam "Emsdetten Turm III"]
[WhiteTeamCountry "GER"]
[BlackTeamCountry "GER"]

1. c4 Nf6 2. Nc3 e6 3. d3 d5 4. cxd5 Nxd5 5. Nxd5 Qxd5 6. Nf3 Nc6 7. a3 Be7 8. g3 0-0 9. Bg2 Rd8 10. 0-0 Qd7 11. Bf4 Bd6 12. Bxd6 cxd6 13. Qc2 b6 14. Rac1 Bb7 15. Qa4 a6 16. Rc3 Rac8 17. Rfc1 b5 18. Qd1 Rc7 19. R1c2 Rcc8 20. Qc1 Na7 21. Nd4 Rxc3 22. Rxc3 Rc8 23. Bxb7 Qxb7 24. Rxc8+ Qxc8 25. Qxc8+ Nxc8 26. Nc6 d5 27. b4 Kf8 28. Nb8 Ke7 29. Nxa6 Kd6 30. e3 Nb6 31. f4 e5 32. fxe5+ Kxe5 1-0

[Event "Steinfurt Bezirksklasse 1213"]
[Site "Germany"]
[Date "2013.01.19"]
[Round "4.3"]
[White "Ortmeier, Peter"]
[Black "Schreck, Uwe"]
[Result "0-1"]
[WhiteElo "1727"]
[BlackElo "1419"]
[PlyCount "50"]
[EventDate "2012.09.29"]
[EventType "team-tourn"]
[EventRounds "9"]
[EventCountry "GER"]
[SourceTitle "EXT 2015"]
[Source "ChessBase"]
[SourceDate "2014.11.20"]
[SourceVersion "1"]
[SourceVersionDate "2014.11.20"]
[SourceQuality "1"]
[WhiteTeam "Emsdetten Turm IV"]
[BlackTeam "Ibbenbueren III"]
[WhiteTeamCountry "GER"]
[BlackTeamCountry "GER"]

1. e4 e5 2. Nf3 Nc6 3. Bc4 Bc5 4. c3 d6 5. d4 exd4 6. cxd4 Bb4+ 7. Bd2 Bxd2+ 8. Nbxd2 Bg4 9. Qc2 Nge7 10. 0-0 0-0 11. Rfe1 a6 12. a3 h6 13. Rac1 Rc8 14. b4 b5 15. Bd3 Re8 16. h3 Bh5 17. d5 Ne5 18. g4 Nxd3 19. Qxd3 Bg6 20. Nd4 Nxd5 21. Nc6 Nf4 22. Qg3 Qf6 23. Kf1 Ne6 24. e5 dxe5 25. Rxe5 Qf4 0-1

[Event "Steinfurt Bezirksklasse 1213"]
[Site "Germany"]
[Date "2012.12.01"]
[Round "3.2"]
[White "Schneider, Richard2222"]
[Black "Schreck, Uwe"]
[Result "1/2-1/2"]
[WhiteElo "1568"]
[BlackElo "1419"]
[PlyCount "72"]
[EventDate "2012.09.29"]
[EventType "team-tourn"]
[EventRounds "9"]
[EventCountry "GER"]
[SourceTitle "EXT 2015"]
[Source "ChessBase"]
[SourceDate "2014.11.20"]
[SourceVersion "1"]
[SourceVersionDate "2014.11.20"]
[SourceQuality "1"]
[WhiteTeam "Emsdetten Rochade III"]
[BlackTeam "Ibbenbueren III"]
[WhiteTeamCountry "GER"]
[BlackTeamCountry "GER"]

1. d4 d5 2. c4 Nf6 3. Nf3 Bg4 4. e3 e6 5. Be2 Bb4+ 6. Bd2 Bxd2+ 7. Nbxd2 0-0 8. 0-0 dxc4 9. Nxc4 c6 10. Qb3 Qc7 11. Nce5 Bxf3 12. Bxf3 Nbd7 13. Nd3 Rab8 14. Rac1 e5 15. dxe5 Nxe5 16. Nxe5 Qxe5 17. Rfd1 Rfe8 18. Rd2 h6 19. Rcd1 g6 20. Rd6 Kg7 21. Qa3 a6 22. Qb4 Qb5 23. Qc3 Qe5 24. Qa3 Re6 25. R6d4 Ree8 26. Qb3 Qa5 27. h3 Qe5 28. Rb4 Qc7 29. Qc3 Qe5 30. Qxe5 Rxe5 31. Bxc6 b6 32. Rd6 b5 33. Rbd4 Rb6 34. Bf3 Rxd6 35. Rxd6 Re6 36. Rxe6 fxe6 1/2-1/2

[Event "Steinfurt Bezirksklasse 1213"]
[Site "Germany"]
[Date "2012.11.03"]
[Round "2.2"]
[White "Schreck, Uwe"]
[Black "Ottens, Josef"]
[Result "0-1"]
[WhiteElo "1419"]
[BlackElo "1407"]
[PlyCount "57"]
[EventDate "2012.09.29"]
[EventType "team-tourn"]
[EventRounds "9"]
[EventCountry "GER"]
[SourceTitle "EXT 2015"]
[Source "ChessBase"]
[SourceDate "2014.11.20"]
[SourceVersion "1"]
[SourceVersionDate "2014.11.20"]
[SourceQuality "1"]
[WhiteTeam "Ibbenbueren III"]
[BlackTeam "Steinfurt IV"]
[WhiteTeamCountry "GER"]
[BlackTeamCountry "GER"]

1. c4 e5 2. Nc3 Nf6 3. d3 Nc6 4. Nf3 Bb4 5. Bd2 0-0 6. g3 h6 7. Bg2 d6 8. 0-0 Rb8 9. a3 Bxc3 10. Bxc3 Ne7 11. b4 b6 12. Rb1 Bb7 13. Nd2 Bxg2 14. Kxg2 Ng6 15. Nf3 Re8 16. Re1 e4 17. Nd2 e3 18. fxe3 Ng4 19. e4 Ne3+ 20. Kg1 Nxd1 21. Rbxd1 Qg5 22. Nf3 Qg4 23. Bd2 Ne5 24. Kg2 Nxf3 25. exf3 Qd7 26. b5 c6 27. a4 f5 28. Ra1 Rb7 29. Bc3 0-1

[Event "Steinfurt Bezirksklasse 1112"]
[Site "Germany"]
[Date "2012.01.28"]
[Round "5.2"]
[White "Schreck, Uwe"]
[Black "Menz, Robert"]
[Result "0-1"]
[WhiteElo "1368"]
[BlackElo "1594"]
[PlyCount "67"]
[EventDate "2011.09.24"]
[EventType "team-tourn"]
[EventRounds "9"]
[EventCountry "GER"]
[SourceTitle "EXT 2013"]
[Source "ChessBase"]
[SourceDate "2012.11.22"]
[SourceVersion "1"]
[SourceVersionDate "2012.11.22"]
[SourceQuality "1"]
[WhiteTeam "Ibbenbueren III"]
[BlackTeam "Saerbeck III"]
[WhiteTeamCountry "GER"]
[BlackTeamCountry "GER"]

1. c4 f5 2. Nc3 e6 3. d3 Nf6 4. g3 Be7 5. Bg2 0-0 6. Nf3 d6 7. 0-0 c6 8. a3 e5 9. e3 Qc7 10. Bd2 Bd7 11. Rc1 a5 12. d4 e4 13. Ne1 Na6 14. f4 b6 15. Nc2 Qb7 16. Qe1 d5 17. cxd5 Nxd5 18. Nxd5 cxd5 19. b4 Bb5 20. Rf2 a4 21. Bf1 Nc7 22. Be2 Rfc8 23. Na1 Bxe2 24. Qxe2 b5 25. Rff1 Ne8 26. Rxc8 Rxc8 27. Rc1 Rxc1+ 28. Bxc1 Nd6 29. Nc2 Qc6 30. Qd2 Nc4 31. Qc3 Qg6 32. Qe1 Qh5 33. Qf1 Kh8 34. Na1 0-1

[Event "Steinfurt Bezirksliga 1011"]
[Site "Germany"]
[Date "2011.03.26"]
[Round "7.6"]
[White "Echelmeyer, Kai"]
[Black "Schreck, Uwe"]
[Result "1-0"]
[WhiteElo "1291"]
[BlackElo "1456"]
[PlyCount "59"]
[EventDate "2010.10.02"]
[EventType "team-tourn"]
[EventRounds "9"]
[EventCountry "GER"]
[SourceTitle "EXT 2012"]
[Source "ChessBase"]
[SourceDate "2011.11.24"]
[SourceVersion "1"]
[SourceVersionDate "2011.11.24"]
[SourceQuality "1"]
[WhiteTeam "Emsdetten Turm III"]
[BlackTeam "Ibbenbueren II"]
[WhiteTeamCountry "GER"]
[BlackTeamCountry "GER"]

1. e4 e5 2. Nf3 Nc6 3. Nc3 Nf6 4. Bb5 d6 5. d4 exd4 6. Bxc6+ bxc6 7. Qxd4 c5 8. Qd3 Bb7 9. Qb5+ Nd7 10. Qxb7 Be7 11. Nd5 0-0 12. Qxc7 Qxc7 13. Nxc7 Rac8 14. Nd5 Rfe8 15. 0-0 Nb6 16. Nxe7+ Rxe7 17. Re1 Rce8 18. Nd2 f5 19. Nb3 fxe4 20. Bf4 Re6 21. Re2 Nc4 22. c3 h6 23. Rae1 g5 24. Bc1 Kf7 25. Nd2 Nxd2 26. Rxd2 e3 27. fxe3 Rxe3 28. Rxe3 Rxe3 29. Rf2+ Ke6 30. Bxe3 1-0

[Event "Steinfurt Bezirksliga 0910"]
[Site "Germany"]
[Date "2010.04.24"]
[Round "8.4"]
[White "Richter, Michael4444"]
[Black "Schreck, Uwe"]
[Result "1-0"]
[WhiteElo "1672"]
[BlackElo "1520"]
[PlyCount "99"]
[EventDate "2009.09.12"]
[EventType "team-tourn"]
[EventRounds "9"]
[EventCountry "GER"]
[SourceTitle "EXT 2011"]
[Source "ChessBase"]
[SourceDate "2010.11.26"]
[SourceVersion "1"]
[SourceVersionDate "2010.11.26"]
[SourceQuality "1"]
[WhiteTeam "Reckenfeld"]
[BlackTeam "Ibbenbueren II"]
[WhiteTeamCountry "GER"]
[BlackTeamCountry "GER"]

1. c4 c5 2. Nc3 b6 3. Nf3 Bb7 4. e3 g6 5. Be2 Bg7 6. 0-0 Nf6 7. d4 cxd4 8. Nxd4 0-0 9. Bf3 Nc6 10. Ncb5 Qc8 11. b3 Rd8 12. Ba3 Kf8 13. Rc1 d5 14. Nxc6 Qxc6 15. Nd4 Qd7 16. cxd5 Bxd5 17. Bxd5 Qxd5 18. Nc6 Rd7 19. Qxd5 Rxd5 20. Bxe7+ Ke8 21. Rfd1 Rc8 22. Bxf6 Rxd1+ 23. Rxd1 Bxf6 24. Nxa7 Ra8 25. Nb5 Rxa2 26. Nc7+ Kf8 27. Nd5 Bh4 28. g3 Bd8 29. Nb4 Ra8 30. Nc6 Be7 31. Rd7 Re8 32. Rb7 Bd8 33. Nxd8 Rxd8 34. Rxb6 Rc8 35. Kg2 Rc7 36. b4 Ke8 37. h4 h5 38. Kf3 Kd8 39. e4 Re7 40. Rd6+ Kc7 41. Rd4 Kc6 42. Kf4 f6 43. f3 Re5 44. g4 g5+ 45. hxg5 Rxg5 46. gxh5 Rxh5 47. Kg4 Re5 48. Rd5 f5+ 49. Kf4 Rxd5 50. exd5+ 1-0

[Event "Steinfurt Bezirksliga 0910"]
[Site "Germany"]
[Date "2009.09.12"]
[Round "1.3"]
[White "Schreck, Uwe"]
[Black "Werremeyer, Achim"]
[Result "1/2-1/2"]
[WhiteElo "1520"]
[BlackElo "1776"]
[PlyCount "56"]
[EventDate "2009.09.12"]
[EventType "team-tourn"]
[EventRounds "9"]
[EventCountry "GER"]
[SourceTitle "EXT 2011"]
[Source "ChessBase"]
[SourceDate "2010.11.26"]
[SourceVersion "1"]
[SourceVersionDate "2010.11.26"]
[SourceQuality "1"]
[WhiteTeam "Ibbenbueren II"]
[BlackTeam "Westerkappeln"]
[WhiteTeamCountry "GER"]
[BlackTeamCountry "GER"]

1. c4 e5 2. Nc3 Nf6 3. d3 Bb4 4. Bd2 0-0 5. g3 Re8 6. Bg2 Nc6 7. Nf3 d6 8. 0-0 Rb8 9. a3 Bxc3 10. Bxc3 Bg4 11. b4 e4 12. dxe4 Nxe4 13. Bb2 Qe7 14. Re1 a6 15. Nd4 Bd7 16. e3 f5 17. Qb3 Qf7 18. Qc2 Ne5 19. Rac1 c5 20. Nf3 Bc6 21. Nxe5 dxe5 22. bxc5 Qh5 23. f4 Rbd8 24. Rcd1 exf4 25. exf4 Rxd1 26. Rxd1 Nxc5 27. Bxc6 bxc6 28. Be5 Qf3 1/2-1/2

[Event "Steinfurt Bezirksliga 0708"]
[Site "Germany"]
[Date "2007.09.22"]
[Round "1.6"]
[White "Schreck, Uwe"]
[Black "Roos, Wilfried"]
[Result "1/2-1/2"]
[WhiteElo "1458"]
[BlackElo "1659"]
[PlyCount "59"]
[EventDate "2007.09.22"]
[EventType "team-tourn"]
[EventRounds "9"]
[EventCountry "GER"]
[SourceTitle "EXT 2009"]
[Source "ChessBase"]
[SourceDate "2008.11.26"]
[SourceVersion "1"]
[SourceVersionDate "2008.11.26"]
[SourceQuality "1"]
[WhiteTeam "Ibbenbueren II"]
[BlackTeam "Saerbeck II"]
[WhiteTeamCountry "GER"]
[BlackTeamCountry "GER"]

1. c4 Nf6 2. Nc3 c5 3. d3 g6 4. g3 Bg7 5. Bg2 0-0 6. Nf3 Nc6 7. 0-0 Rb8 8. a3 a6 9. Rb1 b5 10. cxb5 axb5 11. Bg5 b4 12. axb4 Nxb4 13. Bxf6 Bxf6 14. Ne4 Qb6 15. Nfd2 Bg7 16. Nc4 Qc7 17. Nc3 Bb7 18. Nb5 Qd8 19. Nc3 Bxg2 20. Kxg2 d5 21. Nd2 Qd6 22. Kg1 h5 23. h4 Bd4 24. Nf3 Qxg3+ 25. Kh1 Bxf2 26. Rxf2 Qxf2 27. Qd2 Kg7 28. Rg1 d4 29. Nd1 Qxg1+ 30. Kxg1 1/2-1/2